000 00561nam a2200181Ia 4500
008 151018s9999 xx 000 0 und d
082 _bRBASDV25241
_a891.463
100 _aगोविंद केळकर
245 _aदूर कुठेतरी
250 _b1
260 _bइंप्रेशन्स
_c1994
300 _a160
600 _aगोविंद केळकर
630 _aदूर कुठेतरी
700 _aगोविंद केळकर
730 _aदूर कुठेतरी
942 _cBOOK
999 _c1024863
_d1024860